Cancionero de Navidad / (Record no. 39539)

MARC details
000 -LEADER
campo de control de longitud fija 00550nam a2200181 i 4500
001 - NÚMERO DE CONTROL
campo de control 39539
003 - IDENTIFICADOR DE NÚMERO DE CONTROL
campo de control ES-MaACL
005 - FECHA Y HORA DE LA ÚLTIMA TRANSACCIÓN
campo de control 20251013180947.0
007 - CAMPO FIJO DE DESCRIPCIÓN FÍSICA--INFORMACIÓN GENERAL
campo de control de longitud fija t|
008 - DATOS DE LONGITUD FIJA--INFORMACIÓN GENERAL
campo de control de longitud fija 030303s1944 sp ||||1| spa d
245 00 - MENCIÓN DEL TÍTULO
Título Cancionero de Navidad /
Mención de responsabilidad, etc. selección, prólogo y notas de Adolfo Maillo.
250 ## - MENCION DE EDICION
Mención de edición 2ª ed.
260 ## - PUBLICACIÓN, DISTRIBUCIÓN, ETC.
Lugar de publicación, distribución, etc. Madrid :
Nombre del editor, distribuidor, etc. Vicesecretaría de Educación Popular,
Fecha de publicación, distribución, etc. 1944 (
Fabricante Uguina)
300 ## - DESCRIPCIÓN FÍSICA
Extensión 333 p. ;
Dimensiones 17 cm.
700 1# - ENTRADA AGREGADA--NOMBRE PERSONAL
Nombre de persona Maíllo, Adolfo,
Fechas asociadas al nombre 1905-1995
9 (RLIN) 173042
852 ## - LOCALIZACIÓN
Ubicación ES-MaACL
Número de control de estantería B-10158
Sublocalización o colección R.21152
Holdings
Estatus retirado Estado de pérdida Estado de daño No para préstamo Biblioteca de origen Biblioteca actual Ubicación en estantería Fecha de adquisición Fuente de adquisición Total de préstamos Signatura topográfica completa Código de barras Visto por última vez Precio de reemplazo Tipo de ítem Koha
        Biblioteca del Ateneo de Madrid Biblioteca del Ateneo de Madrid Sala Pardo Bazán 17/01/2008     B-10158 1041639 23/02/2023 23/02/2023 Libro impreso